Tribhuvan University Central Library

CGI programming with perl (Record no. 33604)

MARC details
000 -LEADER
fixed length control field 007190000a22003010004500
082 ## - DEWEY DECIMAL CLASSIFICATION NUMBER
Classification number 006.76
Item number G934
-- T
020 ## - INTERNATIONAL STANDARD BOOK NUMBER
International Standard Book Number 81-7366-045-X
041 ## - LANGUAGE CODE
Language code of text/sound track or separate title Eng
100 ## - MAIN ENTRY--PERSONAL NAME
Personal name Guelich, Scott
100 ## - MAIN ENTRY--PERSONAL NAME
Personal name Gundavaram, Shishir
100 ## - MAIN ENTRY--PERSONAL NAME
Personal name Birznieks, Gunther
245 ## - TITLE STATEMENT
Title CGI programming with perl
250 ## - EDITION STATEMENT
Edition statement 2nd edn.
260 ## - PUBLICATION, DISTRIBUTION, ETC. (IMPRINT)
Place of publication, distribution, etc Mumbai
Name of publisher, distributor, etc Shroff Publishers
260 ## - PUBLICATION, DISTRIBUTION, ETC. (IMPRINT)
Date of publication, distribution, etc 2000
300 ## - PHYSICAL DESCRIPTION
Extent xv,451p.
365 ## - TRADE PRICE
Price type code Rs.300.00 IC
518 ## - DATE/TIME AND PLACE OF AN EVENT NOTE
Date/time and place of an event note 20050524
530 ## - ADDITIONAL PHYSICAL FORM AVAILABLE NOTE
Additional physical form available note M
650 ## - SUBJECT ADDED ENTRY--TOPICAL TERM
Topical term or geographic name as entry element Computer programming languages
650 ## - SUBJECT ADDED ENTRY--TOPICAL TERM
Topical term or geographic name as entry element Computer graphics
650 ## - SUBJECT ADDED ENTRY--TOPICAL TERM
Topical term or geographic name as entry element Computer languages
650 ## - SUBJECT ADDED ENTRY--TOPICAL TERM
Topical term or geographic name as entry element Computer interfaces
650 ## - SUBJECT ADDED ENTRY--TOPICAL TERM
Topical term or geographic name as entry element Electronic mail
650 ## - SUBJECT ADDED ENTRY--TOPICAL TERM
Topical term or geographic name as entry element Internet
650 ## - SUBJECT ADDED ENTRY--TOPICAL TERM
Topical term or geographic name as entry element Website
942 ## - ADDED ENTRY ELEMENTS (KOHA)
Koha item type General Collections
Holdings
Withdrawn status Lost status Damaged status Not for loan Home library Current library Date acquired Total Checkouts Barcode Date last seen Price effective from
        Tribhuvan University Central Library Tribhuvan University Central Library 06/20/2010   125564 06/20/2010 06/20/2010